[Event "DEM U14 2003"]
[Site "Willingen GER"]
[Date "2003.06.09"]
[Round "3"]
[White "Cammann, Tim"]
[Black "Kölsch, Maximilian"]
[Result "1-0"]
[Termination "normal"]
[Board "14"]
[WhiteElo "1401"]
[BlackElo "1688"]
[PlyCount "105"]
[BlackFideId "24618462"]
[EventCountry "GER"]
[EventRounds "9"]
[EventType "swiss"]
[EventDate "2003.06.07"]

1. d4 d5 2. c4 c6 3. Nc3 Nf6 4. Bg5 e6 5. e3 Nbd7 6. Nf3 Bd6 7. Bd3 O-O 8. O-O
dxc4 9. Bxc4 b5 10. Bd3 Bb7 11. Qc2 h6 12. Bh4 a6 13. Ne4 Be7 14. Bg3 Nxe4 15.
Bxe4 Rc8 16. Rac1 Nf6 17. Ne5 Nxe4 18. Qxe4 Qe8 19. Qg4 Kh7 20. a3 c5 21. dxc5
Rxc5 22. b4 Rxc1 23. Rxc1 f5 24. Qd4 Qa8 25. Qd7 Bf6 26. Qxe6 Bxe5 27. Qxe5
Bxg2 28. Rc7 Rg8 29. Qxf5+ Kh8 30. Qg6 Be4 31. Qh5 Bf3 32. Qe5 Qd8 33. Qa1 Qg5
34. h4 Qg4 35. Kh2 Rd8 36. Rc1 Be4 37. Rg1 Bf5 38. Kg2 Qh3+ 39. Kf3 Bg4+ 40.
Kf4 Be2 41. Rc1 Rf8+ 42. Ke5 Qf5+ 43. Kd6 Bf3 44. Rc5 Rd8+ 45. Kc7 Qc8+ 46. Kb6
Qe6+ 47. Ka5 Bc6 48. Qc3 Rc8 49. Be5 Qd7 50. Qd4 Qb7 51. Qf4 Kg8 52. Qg4 Qa7
53. Qxc8+ 1-0

[Event "DEM U14 2003"]
[Site "Willingen GER"]
[Date "2003.06.10"]
[Round "4"]
[White "Baldauf, Marco"]
[Black "Figura, Atila Gajo"]
[Result "0-1"]
[Termination "normal"]
[Board "1"]
[WhiteElo "2093"]
[BlackElo "2111"]
[PlyCount "52"]
[WhiteFideId "4688210"]
[BlackFideId "4688058"]
[EventCountry "GER"]
[EventRounds "9"]
[EventType "swiss"]
[EventDate "2003.06.07"]

1. e4 c5 2. Nf3 e6 3. d4 cxd4 4. Nxd4 a6 5. c4 Nf6 6. Nc3 Bb4 7. Bd3 Nc6 8.
Nxc6 dxc6 9. e5 Qa5 10. exf6 Bxc3+ 11. bxc3 Qxc3+ 12. Bd2 Qxd3 13. fxg7 Rg8 14.
Bh6 Qc3+ 15. Kf1 Qf6 16. Qc1 e5 17. Rb1 Qe7 18. Qb2 Be6 19. Qxb7 Qxb7 20. Rxb7
O-O-O 21. Rb1 Bxc4+ 22. Ke1 Rd6 23. Be3 Rxg7 24. Ba7 Rxg2 25. Rb8+ Kd7 26. Bc5
Rd5 0-1

[Event "DEM U14 2003"]
[Site "Willingen GER"]
[Date "2003.06.10"]
[Round "4"]
[White "Brener, Ilja"]
[Black "Dinger, Florian"]
[Result "0-1"]
[Termination "normal"]
[Board "2"]
[WhiteElo "2168"]
[BlackElo "1746"]
[PlyCount "144"]
[WhiteFideId "4688201"]
[BlackFideId "24605573"]
[EventCountry "GER"]
[EventRounds "9"]
[EventType "swiss"]
[EventDate "2003.06.07"]

1. d4 Nf6 2. c4 g6 3. Nc3 Bg7 4. e4 d6 5. Nf3 O-O 6. Be2 e5 7. Be3 Nc6 8. d5
Ne7 9. Nd2 Nd7 10. Qc2 f5 11. f3 b6 12. O-O-O Nc5 13. b4 Nd7 14. a3 a5 15. bxa5
Rxa5 16. Kb2 Nc5 17. Bxc5 bxc5 18. Nb3 Ra8 19. Rhf1 Bh6 20. Nb5 Be3 21. Bd3 f4
22. Ra1 Ba6 23. Qe2 Qd7 24. Rfb1 Rfb8 25. Kc2 Bxb5 26. cxb5 Ra4 27. Ra2 Nc8 28.
b6 Rxb6 29. Nxc5 Bxc5 30. Rxb6 cxb6 31. Bb5 Qa7 32. Bxa4 Qxa4+ 33. Kb1 Na7 34.
Qc2 Qa5 35. a4 Qe1+ 36. Kb2 Qb4+ 37. Qb3 Qd2+ 38. Qc2 Qxc2+ 39. Kxc2 Bg1 40. a5
b5 41. g3 Bxh2 42. gxf4 Bxf4 43. Kd3 Bg5 44. Rc2 Bd8 45. a6 Kf7 46. f4 exf4 47.
e5 dxe5 48. Ke4 Ke7 49. Rh2 h5 50. Rg2 Kf6 51. d6 g5 52. d7 Ke6 53. Rd2 h4 54.
Rd5 h3 55. Rxe5+ Kxd7 56. Rd5+ Kc7 57. Rd3 g4 58. Kxf4 h2 59. Rd1 Bh4 60. Rh1
Bf2 61. Rxh2 g3 62. Rh7+ Kb6 63. Rh6+ Ka5 64. Rg6 Kb4 65. Kf3 Kc3 66. Ke2 Kc2
67. Rg4 Kc3 68. Rg7 b4 69. Kd1 Kb2 70. Kd2 b3 71. Rg4 Kb1 72. Kd3 b2 0-1

[Event "DEM U14 2003"]
[Site "Willingen GER"]
[Date "2003.06.10"]
[Round "4"]
[White "Beck, Frederik"]
[Black "Siebarth, Raiko"]
[Result "1/2-1/2"]
[Termination "normal"]
[Board "3"]
[WhiteElo "2087"]
[BlackElo "2103"]
[PlyCount "50"]
[WhiteFideId "4687388"]
[BlackFideId "4674766"]
[EventCountry "GER"]
[EventRounds "9"]
[EventType "swiss"]
[EventDate "2003.06.07"]

1. e4 c5 2. Nf3 d6 3. d4 cxd4 4. Nxd4 Nf6 5. Nc3 a6 6. f3 e5 7. Nb3 Be6 8. Be3
Be7 9. Qd2 O-O 10. Nd5 Bxd5 11. exd5 Qc7 12. c4 a5 13. a4 Nbd7 14. Bd3 Rfe8 15.
O-O Bf8 16. Qc2 g6 17. Kh1 Bg7 18. Nd2 Nh5 19. Rac1 Nf4 20. Ne4 Nxd3 21. Qxd3
f5 22. Nc3 Nf6 23. Nb5 Qd7 24. c5 dxc5 25. d6 Rac8 1/2-1/2

[Event "DEM U14 2003"]
[Site "Willingen GER"]
[Date "2003.06.10"]
[Round "4"]
[White "Zebisch, Paul"]
[Black "Becker, Erik"]
[Result "0-1"]
[Termination "normal"]
[Board "4"]
[WhiteElo "1863"]
[BlackElo "2049"]
[PlyCount "116"]
[WhiteFideId "24601535"]
[BlackFideId "4696921"]
[EventCountry "GER"]
[EventRounds "9"]
[EventType "swiss"]
[EventDate "2003.06.07"]

1. e4 c5 2. Nf3 e6 3. d4 cxd4 4. Nxd4 a6 5. Bd3 d6 6. Nc3 Nf6 7. O-O Be7 8. Kh1
Nbd7 9. Be3 Qc7 10. f4 O-O 11. g4 b5 12. g5 Ne8 13. f5 Ne5 14. Nf3 Bb7 15. Nxe5
dxe5 16. fxe6 fxe6 17. Rxf8+ Bxf8 18. Qg4 Qc6 19. Rf1 g6 20. h4 Ng7 21. Kh2 Be7
22. Qe2 Nh5 23. Nd1 Bc5 24. Nf2 Nf4 25. Bxf4 exf4 26. Ng4 Bd6 27. e5 Bc5 28.
Nf6+ Kg7 29. Be4 Qb6 30. Bxb7 Qxb7 31. Rxf4 Rd8 32. h5 Bd4 33. Kg3 Qb8 34. Re4
Bxb2 35. Kg4 Qb6 36. Qh2 Rh8 37. h6+ Kf7 38. Nd7 Qd8 39. Rf4+ Ke7 40. Qf2 Kxd7
41. Qa7+ Kc6 42. c4 Qb6 43. cxb5+ axb5 44. Qe7 Bxe5 45. Qxe6+ Bd6 46. Qe4+ Kc7
47. Rf7+ Kb8 48. Rf1 Rc8 49. Qd3 Rc4+ 50. Kh3 Qc6 51. Rf3 Qc8+ 52. Kg2 Qg4+ 53.
Kf2 Bc5+ 54. Ke2 Qe6+ 55. Kf1 Rc1+ 56. Kg2 Qg4+ 57. Rg3 Rg1+ 58. Kh2 Qh4+ 0-1

[Event "DEM U14 2003"]
[Site "Willingen GER"]
[Date "2003.06.10"]
[Round "4"]
[White "Klein, Felix"]
[Black "Abel, Dennes"]
[Result "1-0"]
[Termination "normal"]
[Board "5"]
[WhiteElo "1798"]
[BlackElo "1915"]
[PlyCount "73"]
[WhiteFideId "24600458"]
[BlackFideId "24605417"]
[EventCountry "GER"]
[EventRounds "9"]
[EventType "swiss"]
[EventDate "2003.06.07"]

1. e4 c5 2. Nf3 Nc6 3. d4 cxd4 4. Nxd4 Nf6 5. Nc3 e5 6. Ndb5 d6 7. Bg5 a6 8.
Bxf6 gxf6 9. Na3 b5 10. Nd5 f5 11. c3 Be6 12. exf5 Bxd5 13. Qxd5 Ne7 14. Qf3 d5
15. Nxb5 Rb8 16. f6 Ng6 17. Qxd5 axb5 18. Bxb5+ Rxb5 19. Qxb5+ Qd7 20. Qb8+ Qd8
21. Qxd8+ Kxd8 22. g3 Kd7 23. Rd1+ Ke6 24. Rd8 Kxf6 25. Ke2 Be7 26. Rxh8 Nxh8
27. a4 Ke6 28. Rd1 f6 29. a5 Nf7 30. b4 Nd6 31. a6 Nc8 32. Kd3 Bd6 33. Kc4 Bc7
34. Rd2 f5 35. Kc5 e4 36. Kc6 Be5 37. Kb7 1-0

[Event "DEM U14 2003"]
[Site "Willingen GER"]
[Date "2003.06.10"]
[Round "4"]
[White "Billing, Christian"]
[Black "Lieder, Konrad"]
[Result "0-1"]
[Termination "normal"]
[Board "6"]
[WhiteElo "1797"]
[BlackElo "2123"]
[PlyCount "118"]
[WhiteFideId "4697294"]
[BlackFideId "4692721"]
[EventCountry "GER"]
[EventRounds "9"]
[EventType "swiss"]
[EventDate "2003.06.07"]

1. e4 Nf6 2. e5 Nd5 3. d4 d6 4. exd6 exd6 5. Nf3 Be7 6. c4 Nb6 7. Bd3 Bg4 8. b3
O-O 9. O-O Bf6 10. Na3 d5 11. c5 N6d7 12. Be3 Nc6 13. Nc2 a5 14. a3 Re8 15. Re1
Nf8 16. Be2 Ne6 17. Rb1 Bf5 18. Bd3 Bg4 19. Be2 Bxf3 20. Bxf3 Nexd4 21. Nxd4
Bxd4 22. Bxd4 Rxe1+ 23. Qxe1 Nxd4 24. Bg4 Qf6 25. Qd2 c6 26. Re1 Kf8 27. Re3 a4
28. b4 Nb3 29. Qe1 d4 30. Rf3 Qe7 31. Kf1 Re8 32. Qxe7+ Kxe7 33. Ke2 g6 34. h4
f5 35. Bh3 h5 36. g3 Ke6 37. Kd3 Ke5 38. Bf1 Re7 39. Kc2 Kd5 40. Kd1 Re5 41.
Bg2 Ke6 42. Bf1 Nxc5 43. bxc5 Kd5 44. Bd3 Kxc5 45. Kd2 b5 46. Bc2 Kd5 47. Bd3
Kc5 48. Bc2 Kb6 49. Bb1 c5 50. Rf4 Rd5 51. Ba2 c4 52. f3 Kc5 53. g4 fxg4 54.
fxg4 g5 55. hxg5 Rxg5 56. Rf5+ Rxf5 57. gxf5 Kd5 58. Ke2 Ke5 59. Kf2 Kxf5 0-1

[Event "DEM U14 2003"]
[Site "Willingen GER"]
[Date "2003.06.10"]
[Round "4"]
[White "Rehberg, Raphael"]
[Black "Sohl, Jan"]
[Result "1-0"]
[Termination "normal"]
[Board "7"]
[WhiteElo "2046"]
[BlackElo "1766"]
[PlyCount "41"]
[WhiteFideId "4686799"]
[BlackFideId "4698070"]
[EventCountry "GER"]
[EventRounds "9"]
[EventType "swiss"]
[EventDate "2003.06.07"]

1. e4 c5 2. Nf3 Nc6 3. d4 cxd4 4. Nxd4 g6 5. Nc3 Bg7 6. Be3 Nf6 7. Bc4 O-O 8.
O-O Nxe4 9. Bxf7+ Kxf7 10. Nxe4 Kg8 11. Re1 d5 12. Nc5 Qd6 13. Nb5 Qd8 14. Nd4
Qd6 15. Nxc6 bxc6 16. Nd3 d4 17. Bg5 e5 18. f4 Re8 19. fxe5 Bxe5 20. Rxe5 Rxe5
21. Bf4 1-0

[Event "DEM U14 2003"]
[Site "Willingen GER"]
[Date "2003.06.10"]
[Round "4"]
[White "Rietze, Clemens"]
[Black "Schneider, David"]
[Result "0-1"]
[Termination "normal"]
[Board "8"]
[WhiteElo "1716"]
[BlackElo "2030"]
[PlyCount "73"]
[WhiteFideId "24620351"]
[BlackFideId "4697111"]
[EventCountry "GER"]
[EventRounds "9"]
[EventType "swiss"]
[EventDate "2003.06.07"]

1. e4 e5 2. Nf3 Nf6 3. Nxe5 d6 4. Nf3 Nxe4 5. Bd3 d5 6. O-O Be7 7. c3 Nc6 8.
Bc2 O-O 9. d4 Bg4 10. Bf4 Re8 11. Nbd2 f5 12. h3 Bh5 13. Qc1 Bf6 14. Nxe4 dxe4
15. Bb3+ Bf7 16. Bxf7+ Kxf7 17. Nd2 g5 18. Bh2 Qd7 19. Qd1 Kg7 20. Re1 Re7 21.
Qc2 Rae8 22. Re3 Qd5 23. Rae1 Qxa2 24. f3 Nxd4 25. cxd4 Bxd4 26. Kf1 Bxe3 27.
Rxe3 Qa6+ 28. Nc4 b5 29. Qc3+ Kg8 30. Nd2 b4+ 31. Qc4+ Qxc4+ 32. Nxc4 exf3 33.
Rxe7 fxg2+ 34. Kxg2 Rxe7 35. Be5 Kf7 36. Kf3 a5 37. b3 0-1

[Event "DEM U14 2003"]
[Site "Willingen GER"]
[Date "2003.06.10"]
[Round "4"]
[White "Mandery, Markus"]
[Black "Wagner, Florian"]
[Result "1/2-1/2"]
[Termination "normal"]
[Board "9"]
[WhiteElo "1829"]
[BlackElo "1742"]
[PlyCount "47"]
[WhiteFideId "24607126"]
[BlackFideId "4698118"]
[EventCountry "GER"]
[EventRounds "9"]
[EventType "swiss"]
[EventDate "2003.06.07"]

1. d4 Nf6 2. c4 g6 3. Nc3 Bg7 4. e4 d6 5. f3 O-O 6. Be3 e5 7. d5 c6 8. dxc6
bxc6 9. Qd2 Qc7 10. g4 Rd8 11. Rd1 Be6 12. h4 h5 13. g5 Ne8 14. b3 Nd7 15. Bg2
Nf8 16. Nge2 Rd7 17. O-O Rad8 18. f4 exf4 19. Bxf4 Be5 20. Qe3 Bg4 21. Bf3 Bxf3
22. Qxf3 Ne6 23. Be3 N8g7 24. Rd3 1/2-1/2

[Event "DEM U14 2003"]
[Site "Willingen GER"]
[Date "2003.06.10"]
[Round "4"]
[White "Plenca, Julijan"]
[Black "Völbel, Patrick"]
[Result "1-0"]
[Termination "normal"]
[Board "10"]
[WhiteElo "2066"]
[BlackElo "1815"]
[PlyCount "63"]
[WhiteFideId "14508044"]
[BlackFideId "24622583"]
[EventCountry "GER"]
[EventRounds "9"]
[EventType "swiss"]
[EventDate "2003.06.07"]

1. e4 c5 2. Nf3 e6 3. d4 cxd4 4. Nxd4 a6 5. Be3 Nf6 6. Bd3 Qc7 7. O-O Be7 8. c4
O-O 9. Nc3 d6 10. f4 b6 11. f5 Nc6 12. Nxc6 Qxc6 13. Qa4 Bd7 14. Qb4 Rfe8 15.
fxe6 fxe6 16. Kh1 Rab8 17. Qb3 Kh8 18. Rac1 Ng4 19. Bg1 Bg5 20. Rce1 Ne5 21.
Ne2 Qa4 22. Qc3 b5 23. c5 b4 24. Qd4 Nxd3 25. Qxd3 Bb5 26. Qxd6 Rbd8 27. Qe5
Bd2 28. Bd4 Rg8 29. b3 Qa5 30. Nf4 Bxe1 31. Qxe6 Rge8 32. Bxg7+ 1-0

[Event "DEM U14 2003"]
[Site "Willingen GER"]
[Date "2003.06.10"]
[Round "4"]
[White "Bogner, Sebastian"]
[Black "Cammann, Tim"]
[Result "1-0"]
[Termination "normal"]
[Board "11"]
[WhiteElo "1996"]
[BlackElo "1401"]
[PlyCount "23"]
[WhiteFideId "4692055"]
[EventCountry "GER"]
[EventRounds "9"]
[EventType "swiss"]
[EventDate "2003.06.07"]

1. d4 Nf6 2. c4 g6 3. Nc3 Bg7 4. e4 d6 5. Nf3 O-O 6. Be2 e5 7. Be3 Nbd7 8. d5
Nh5 9. g3 f5 10. exf5 gxf5 11. Ng5 Ndf6 12. Bxh5 1-0

[Event "DEM U14 2003"]
[Site "Willingen GER"]
[Date "2003.06.10"]
[Round "4"]
[White "Cara, Bogdan"]
[Black "Schmidt, Armin"]
[Result "1-0"]
[Termination "normal"]
[Board "12"]
[WhiteElo "1830"]
[BlackElo "1668"]
[PlyCount "43"]
[BlackFideId "24610160"]
[EventCountry "GER"]
[EventRounds "9"]
[EventType "swiss"]
[EventDate "2003.06.07"]

1. e4 c6 2. d4 d5 3. exd5 cxd5 4. c4 Nf6 5. Nc3 Bf5 6. Nf3 e6 7. cxd5 Nxd5 8.
Bd2 Nc6 9. a3 Rc8 10. Qb3 Qb6 11. Bb5 a6 12. Nxd5 exd5 13. Bxc6+ Qxc6 14. O-O
f6 15. Rfe1+ Kf7 16. Re5 Bg4 17. Rc1 Qxc1+ 18. Bxc1 fxe5 19. Nxe5+ Ke8 20. Be3
Be6 21. Qb6 Bg8 22. Qxb7 1-0

[Event "DEM U14 2003"]
[Site "Willingen GER"]
[Date "2003.06.10"]
[Round "4"]
[White "Tereick, Benjamin"]
[Black "Friedrich, Paul-Robert"]
[Result "1-0"]
[Termination "normal"]
[Board "13"]
[WhiteElo "1751"]
[BlackElo "1599"]
[PlyCount "64"]
[WhiteFideId "24607541"]
[BlackFideId "24616036"]
[EventCountry "GER"]
[EventRounds "9"]
[EventType "swiss"]
[EventDate "2003.06.07"]

1. Nf3 d5 2. g3 Nf6 3. Bg2 e6 4. d4 Bd6 5. O-O O-O 6. c4 c6 7. Qc2 Nbd7 8. Rd1
Qe7 9. b3 e5 10. cxd5 Nxd5 11. e4 Nb4 12. Qe2 exd4 13. Nxd4 Be5 14. Bb2 Qf6 15.
f4 Bxd4+ 16. Bxd4 Qe7 17. Qb2 Nf6 18. a3 Na6 19. Nc3 Bg4 20. e5 Nd7 21. Re1
Ndc5 22. Bf1 Rfd8 23. Ne4 Nxe4 24. Rxe4 Nc5 25. Re3 Ne6 26. Bc3 Qc5 27. Qf2 Rd7
28. h3 Bd1 29. f5 Nc7 30. b4 Qb6 31. e6 fxe6 32. fxe6 Rd6 1-0

[Event "DEM U14 2003"]
[Site "Willingen GER"]
[Date "2003.06.10"]
[Round "4"]
[White "Kölsch, Maximilian"]
[Black "Forchmann, Georg"]
[Result "0-1"]
[Termination "normal"]
[Board "14"]
[WhiteElo "1688"]
[BlackElo "1637"]
[PlyCount "56"]
[WhiteFideId "24618462"]
[EventCountry "GER"]
[EventRounds "9"]
[EventType "swiss"]
[EventDate "2003.06.07"]

1. d4 Nf6 2. c4 g6 3. Nc3 Bg7 4. e4 d6 5. Nf3 O-O 6. h3 e5 7. d5 a5 8. Bd3 Nbd7
9. Bg5 h6 10. Be3 b6 11. Qd2 Kh7 12. g4 Ng8 13. O-O-O Nc5 14. Rdg1 Ba6 15. Be2
Rb8 16. h4 Kh8 17. Bg5 Qe8 18. Be3 c6 19. Qc2 Ne7 20. Nd2 cxd5 21. exd5 Qd7 22.
g5 h5 23. Nde4 Nxe4 24. Nxe4 Rfc8 25. Kb1 Nxd5 26. Bc1 Nb4 27. Qb3 Qf5 28. f3
d5 0-1

[Event "DEM U14 2003"]
[Site "Willingen GER"]
[Date "2003.06.10"]
[Round "5"]
[White "Dinger, Florian"]
[Black "Figura, Atila Gajo"]
[Result "0-1"]
[Termination "normal"]
[Board "1"]
[WhiteElo "1746"]
[BlackElo "2111"]
[PlyCount "76"]
[WhiteFideId "24605573"]
[BlackFideId "4688058"]
[EventCountry "GER"]
[EventRounds "9"]
[EventType "swiss"]
[EventDate "2003.06.07"]

1. e4 c5 2. Nf3 e6 3. d4 cxd4 4. Nxd4 a6 5. Nc3 Qc7 6. Bd3 Nf6 7. O-O Nc6 8.
Nf3 Be7 9. Re1 d6 10. Bf4 O-O 11. a3 b5 12. a4 b4 13. Ne2 Bb7 14. Qd2 Rad8 15.
c4 bxc3 16. Qxc3 Qb6 17. Be3 Qb4 18. Rec1 Nxe4 19. Bxe4 Qxe4 20. Ng3 Qg6 21.
Qb3 Rb8 22. Rab1 Bf6 23. Qa3 d5 24. b4 d4 25. b5 dxe3 26. bxc6 exf2+ 27. Kxf2
Ba8 28. c7 Rbc8 29. Qd6 Bxf3 30. gxf3 Qg5 31. Qxa6 Be5 32. Qb5 Qd2+ 33. Qe2
Qxe2+ 34. Kxe2 Rxc7 35. a5 Ra8 36. a6 g6 37. Rxc7 Bxc7 38. Rb7 Bxg3 0-1

[Event "DEM U14 2003"]
[Site "Willingen GER"]
[Date "2003.06.10"]
[Round "5"]
[White "Siebarth, Raiko"]
[Black "Klein, Felix"]
[Result "1-0"]
[Termination "normal"]
[Board "2"]
[WhiteElo "2103"]
[BlackElo "1798"]
[PlyCount "67"]
[WhiteFideId "4674766"]
[BlackFideId "24600458"]
[EventCountry "GER"]
[EventRounds "9"]
[EventType "swiss"]
[EventDate "2003.06.07"]

1. e4 c5 2. Nf3 e6 3. d4 cxd4 4. Nxd4 a6 5. Bd3 Nf6 6. Nc3 Qc7 7. Be3 Nc6 8.
O-O b5 9. a3 Bb7 10. Qe2 Be7 11. Rad1 O-O 12. f4 d6 13. g4 Nxd4 14. Bxd4 Nd7
15. g5 Rae8 16. Qh5 e5 17. Be3 exf4 18. Rxf4 g6 19. Qh6 Ne5 20. Rdf1 Bd8 21. h3
Re6 22. Nd5 Bxd5 23. exd5 Ree8 24. Be4 Qb7 25. Kh1 Re7 26. Bd4 Rc7 27. Rf6 Rd7
28. R1f4 Re8 29. Rh4 Bb6 30. Qxh7+ Kf8 31. Qh8+ Ke7 32. Re6+ Kd8 33. Rxe8+ Kc7
34. Bxb6+ 1-0

[Event "DEM U14 2003"]
[Site "Willingen GER"]
[Date "2003.06.10"]
[Round "5"]
[White "Becker, Erik"]
[Black "Baldauf, Marco"]
[Result "0-1"]
[Termination "normal"]
[Board "3"]
[WhiteElo "2049"]
[BlackElo "2093"]
[PlyCount "34"]
[WhiteFideId "4696921"]
[BlackFideId "4688210"]
[EventCountry "GER"]
[EventRounds "9"]
[EventType "swiss"]
[EventDate "2003.06.07"]

1. e4 c5 2. Nf3 e6 3. d4 cxd4 4. Nxd4 a6 5. Bd3 Qc7 6. O-O d6 7. c4 Nd7 8. b3
Ngf6 9. Qe2 g6 10. Bb2 Bg7 11. f4 O-O 12. Kh1 b6 13. Nd2 Bb7 14. Rae1 Nh5 15.
f5 e5 16. N4f3 Ndf6 17. fxg6 Nf4 0-1

[Event "DEM U14 2003"]
[Site "Willingen GER"]
[Date "2003.06.10"]
[Round "5"]
[White "Lieder, Konrad"]
[Black "Brener, Ilja"]
[Result "0-1"]
[Termination "normal"]
[Board "4"]
[WhiteElo "2123"]
[BlackElo "2168"]
[PlyCount "84"]
[WhiteFideId "4692721"]
[BlackFideId "4688201"]
[EventCountry "GER"]
[EventRounds "9"]
[EventType "swiss"]
[EventDate "2003.06.07"]

1. d4 Nf6 2. c4 e6 3. Nc3 Bb4 4. Qc2 O-O 5. e4 Bxc3+ 6. bxc3 d6 7. f4 e5 8. Nf3
exf4 9. Bd3 Bg4 10. Bxf4 Nh5 11. Be3 f5 12. O-O-O f4 13. Bf2 Nc6 14. Bh4 Qc8
15. h3 Bd7 16. e5 Bf5 17. Rhe1 Bxd3 18. Qxd3 Qf5 19. Qxf5 Rxf5 20. exd6 cxd6
21. Re6 Na5 22. Nd2 g5 23. Bf2 Rf6 24. Rde1 Rc8 25. d5 Nxc4 26. Nxc4 Rxc4 27.
Bd4 Rxe6 28. Rxe6 Ng3 29. Kb2 Nf5 30. Bxa7 Kf7 31. Kb3 Rc7 32. Bf2 Re7 33.
Rxe7+ Nxe7 34. c4 Kf6 35. Kc3 Ke5 36. g4 Ke4 37. Kd2 Ng6 38. a4 Kf3 39. Bd4 Kg2
40. c5 dxc5 41. d6 Nf8 42. Bxc5 Nd7 0-1

[Event "DEM U14 2003"]
[Site "Willingen GER"]
[Date "2003.06.10"]
[Round "5"]
[White "Schneider, David"]
[Black "Beck, Frederik"]
[Result "1/2-1/2"]
[Termination "normal"]
[Board "5"]
[WhiteElo "2030"]
[BlackElo "2087"]
[PlyCount "50"]
[WhiteFideId "4697111"]
[BlackFideId "4687388"]
[EventCountry "GER"]
[EventRounds "9"]
[EventType "swiss"]
[EventDate "2003.06.07"]

1. e4 c5 2. Nf3 e6 3. c3 Nf6 4. Bd3 g6 5. Bc2 b6 6. d4 Bb7 7. Bg5 Be7 8. e5 Nd5
9. Bxe7 Nxe7 10. Nbd2 d5 11. exd6 Qxd6 12. Ne4 Bxe4 13. Bxe4 Nbc6 14. Ne5 Rc8
15. O-O cxd4 16. Nxc6 Nxc6 17. cxd4 O-O 18. d5 exd5 19. Qxd5 Qxd5 20. Bxd5 Rfd8
21. Rad1 Kg7 22. h3 Nb4 23. Bb3 Nd3 24. Rd2 Rd7 25. Rfd1 Rcd8 1/2-1/2

[Event "DEM U14 2003"]
[Site "Willingen GER"]
[Date "2003.06.10"]
[Round "5"]
[White "Plenca, Julijan"]
[Black "Rehberg, Raphael"]
[Result "1-0"]
[Termination "normal"]
[Board "6"]
[WhiteElo "2066"]
[BlackElo "2046"]
[PlyCount "85"]
[WhiteFideId "14508044"]
[BlackFideId "4686799"]
[EventCountry "GER"]
[EventRounds "9"]
[EventType "swiss"]
[EventDate "2003.06.07"]

1. e4 d5 2. exd5 Qxd5 3. Nc3 Qa5 4. Bc4 Nf6 5. d4 Bf5 6. Bd2 c6 7. Qf3 e6 8. d5
Bb4 9. dxe6 Bxe6 10. Bxe6 Qe5+ 11. Kf1 fxe6 12. Re1 Qd6 13. Qe2 Kf7 14. Nf3 Rd8
15. a3 Bxc3 16. Bxc3 h6 17. Be5 Qd5 18. c4 Qc5 19. Bxb8 Raxb8 20. Qxe6+ Kg6 21.
Ne5+ Kh7 22. b4 Qd4 23. g3 Rf8 24. Qf5+ Kg8 25. Qd3 Rbd8 26. Qxd4 Rxd4 27. Re2
Ne4 28. Kg2 Re8 29. Nf3 Rdd8 30. Rhe1 Nd6 31. Rxe8+ Rxe8 32. Rxe8+ Nxe8 33. Ne5
Kf8 34. Kf3 Ke7 35. Ke4 Nd6+ 36. Kd4 Ke6 37. g4 a5 38. Nd3 axb4 39. axb4 b6 40.
f3 Nc8 41. h4 Ne7 42. Nf4+ Kd6 43. c5+ 1-0

[Event "DEM U14 2003"]
[Site "Willingen GER"]
[Date "2003.06.10"]
[Round "5"]
[White "Cara, Bogdan"]
[Black "Bogner, Sebastian"]
[Result "1/2-1/2"]
[Termination "normal"]
[Board "7"]
[WhiteElo "1830"]
[BlackElo "1996"]
[PlyCount "119"]
[BlackFideId "4692055"]
[EventCountry "GER"]
[EventRounds "9"]
[EventType "swiss"]
[EventDate "2003.06.07"]

1. e4 c5 2. c3 Nf6 3. e5 Nd5 4. d4 cxd4 5. cxd4 e6 6. Nf3 b6 7. Bg5 Qc7 8. Nbd2
Bb7 9. Rc1 Bc6 10. Bd3 Qb7 11. a3 d6 12. O-O Nd7 13. Qe2 b5 14. Ne4 h6 15. Bd2
dxe5 16. Nxe5 Nxe5 17. dxe5 a6 18. Rc2 Be7 19. Rfc1 Rc8 20. Nc5 Bxc5 21. Rxc5
O-O 22. Bb1 f5 23. exf6 Rxf6 24. f3 Qd7 25. Qd3 Bb7 26. Rxc8+ Bxc8 27. Ba2 Bb7
28. Bc3 Rf8 29. Be5 Rc8 30. Qd2 Rc6 31. Bb1 Rxc1+ 32. Qxc1 Qc6 33. Qd2 Qc4 34.
Qd3 Qxd3 35. Bxd3 Kf7 36. Kf2 Nb6 37. Ke3 Nc4+ 38. Bxc4 bxc4 39. Kd4 Bd5 40.
Kc5 g6 41. Kb6 Ke7 42. Kxa6 Kd7 43. Kb6 h5 44. a4 Kc8 45. a5 Kd7 46. h4 Kc8 47.
a6 Kd7 48. a7 Kc8 49. Bd4 Kd7 50. Kc5 Kc7 51. a8=Q Bxa8 52. Kxc4 Bd5+ 53. Kd3
Kd6 54. b4 Bc6 55. Ke3 e5 56. Bc3 Kd5 57. g4 Bd7 58. gxh5 gxh5 59. f4 exf4+ 60.
Kxf4 1/2-1/2

[Event "DEM U14 2003"]
[Site "Willingen GER"]
[Date "2003.06.10"]
[Round "5"]
[White "Abel, Dennes"]
[Black "Mandery, Markus"]
[Result "1-0"]
[Termination "normal"]
[Board "8"]
[WhiteElo "1915"]
[BlackElo "1829"]
[PlyCount "39"]
[WhiteFideId "24605417"]
[BlackFideId "24607126"]
[EventCountry "GER"]
[EventRounds "9"]
[EventType "swiss"]
[EventDate "2003.06.07"]

1. Nf3 e6 2. c4 f5 3. g3 b6 4. Bg2 Bb7 5. O-O Nf6 6. d3 d6 7. Nc3 e5 8. b4 Nbd7
9. Qb3 a5 10. Ba3 axb4 11. Bxb4 Be7 12. Nb5 Qb8 13. d4 c5 14. dxe5 dxe5 15. Bc3
Ne4 16. Rfd1 Bc6 17. Rxd7 Bf6 18. Rdd1 Nxc3 19. Nxc3 e4 20. Ne1 1-0

[Event "DEM U14 2003"]
[Site "Willingen GER"]
[Date "2003.06.10"]
[Round "5"]
[White "Wagner, Florian"]
[Black "Zebisch, Paul"]
[Result "0-1"]
[Termination "normal"]
[Board "9"]
[WhiteElo "1742"]
[BlackElo "1863"]
[PlyCount "52"]
[WhiteFideId "4698118"]
[BlackFideId "24601535"]
[EventCountry "GER"]
[EventRounds "9"]
[EventType "swiss"]
[EventDate "2003.06.07"]

1. c4 e5 2. Nc3 Nf6 3. g3 c6 4. Bg2 d5 5. cxd5 cxd5 6. d4 e4 7. Bg5 Be6 8. Bxf6
gxf6 9. e3 Nc6 10. a3 Bd6 11. Nge2 Rc8 12. O-O a6 13. f3 f5 14. fxe4 fxe4 15.
Nf4 Bxf4 16. Rxf4 Ne7 17. Qh5 Ng6 18. Rf2 Qd7 19. Raf1 O-O 20. Rf6 Kg7 21. h3
Rxc3 22. bxc3 Qc7 23. R1f4 Nxf4 24. gxf4 Qxc3 25. Rh6 Qxe3+ 26. Kh1 Qc1+ 0-1

[Event "DEM U14 2003"]
[Site "Willingen GER"]
[Date "2003.06.10"]
[Round "5"]
[White "Forchmann, Georg"]
[Black "Billing, Christian"]
[Result "0-1"]
[Termination "normal"]
[Board "10"]
[WhiteElo "1637"]
[BlackElo "1797"]
[PlyCount "68"]
[BlackFideId "4697294"]
[EventCountry "GER"]
[EventRounds "9"]
[EventType "swiss"]
[EventDate "2003.06.07"]

1. e4 c5 2. Nf3 Nc6 3. d4 cxd4 4. Nxd4 d6 5. Nc3 Nf6 6. Bg5 Qb6 7. Nb3 Ng4 8.
Qd2 h6 9. Bh4 g6 10. Nd5 Qd8 11. Qc3 Rg8 12. Bb5 Bd7 13. h3 Bg7 14. Qg3 g5 15.
hxg4 Bxb2 16. Rb1 gxh4 17. Qxh4 Bg7 18. g5 hxg5 19. Qh7 Kf8 20. Qh5 e6 21. Ne3
a6 22. Bc4 b5 23. Bd3 Ne5 24. Rd1 Be8 25. Qe2 Rh8 26. Rf1 Ng6 27. g3 Bc3+ 28.
Nd2 Qa5 29. Qf3 Ne5 30. Qg2 Rh2 31. Qxh2 Nf3+ 32. Ke2 Nxh2 33. Rh1 Bxd2 34.
Rxd2 Nf3 0-1